Nostra gioia (La) (Record n. 102403)

Dettagli MARC
000 -LEADER
fixed length control field 01166njm a2200313Ia 4500
001 - CONTROL NUMBER
control field H5450
003 - CONTROL NUMBER IDENTIFIER
control field IT-RoPAU
005 - DATE AND TIME OF LATEST TRANSACTION
control field 20220918181154.0
008 - FIXED-LENGTH DATA ELEMENTS--GENERAL INFORMATION
fixed length control field 131025s9999 xx 000 0 und d
040 ## - CATALOGING SOURCE
Original cataloging agency IT-RoPAU
040 ## - CATALOGING SOURCE
Transcribing agency IT-RoPAU
041 ## - LANGUAGE CODE
Language code of text/sound track or separate title ITALIANO
999 ## - SYSTEM CONTROL NUMBERS (KOHA)
Koha Dewey Subclass [OBSOLETE] n.d.
100 ## - MAIN ENTRY--PERSONAL NAME
Personal name Cori Piera
9 (RLIN) 20159
100 ## - MAIN ENTRY--PERSONAL NAME
Relator term Autore musica
9 (RLIN) 33530
100 ## - MAIN ENTRY--PERSONAL NAME
Miscellaneous information Codice autore musica SPICS: 11298
9 (RLIN) 20161
245 ## - TITLE STATEMENT
Title Nostra gioia (La)
250 ## - EDITION STATEMENT
Edition statement 1a ed.
260 ## - PUBLICATION, DISTRIBUTION, ETC. (IMPRINT)
Place of publication, distribution, etc. MILANO
260 ## - PUBLICATION, DISTRIBUTION, ETC. (IMPRINT)
Name of publisher, distributor, etc. MULTIMEDIA SAN PAOLO
Date of publication, distribution, etc. 2005 [1a Ed.:2005 - Ed. Lingua Orig.: 2005]
300 ## - PHYSICAL DESCRIPTION
Extent COMPACT DISC
300 ## - PHYSICAL DESCRIPTION
Dimensions 39 minuti (Testo: 0 pag.)
500 ## - GENERAL NOTE
General note Musica religiosa.
505 ## - FORMATTED CONTENTS NOTE
Formatted contents note Canterò la tua misericordia - Tu, Signore Dio - Tutto il mio amore - Il tuo amore per noi - Invocazioni - Il segreto di riuscita - Noi crediamo all'amore - Credo mio Dio - Tu hai gridato il mio nome - Il più grande - La vostra gioia - Inno alla vergine.
511 ## - PARTICIPANT OR PERFORMER NOTE
Participant or performer note Cori Piera
650 ## - SUBJECT ADDED ENTRY--TOPICAL TERM
Topical term or geographic name as entry element RELIGIOSO [COMPACT DISC]
Relator term Codice MATERIA SPICS: 9949
9 (RLIN) 14031
700 ## - ADDED ENTRY--PERSONAL NAME
Personal name Cori Piera
Relator term Autore testo e musica
Miscellaneous information Codice autore testo/musica SPICS: 11298
9 (RLIN) 33531
942 ## - ADDED ENTRY ELEMENTS (KOHA)
Koha item type CD AUDIO
Source of classification or shelving scheme Dewey Decimal Classification
Dati di copia
Withdrawn status Lost status Damaged status Not for loan Home library Current library Date acquired Total Checkouts Full call number Date last seen Price effective from Koha item type Public note
    Buone Condizioni Not For Loan SPICS-MEDIATECA SPICS-MEDIATECA 25/10/2013   H5450 25/10/2013 25/10/2013 CD AUDIO Progr. Ins.: 23085 / N.Vol.: 1 / Copie: 1 - Copia rara: n.d. / date import: 01.01.2014 - By Epidotti, Trombetti, Vaglietti
CREDITS: SOCIETA' SAN PAOLO Via A.Severo, 58 - ROMA (RM) & PERIODICI SAN PAOLO SRL Via Giotto, 36 MILANO & CISF Via Giotto, 36 MILANO & EDIZIONI SAN PAOLO SRL,  Piazza Soncino, 5 CINISELLO BALSAMO (MI) -- ITALY